000 00476nam a22001817a 4500
005 20260407123339.0
008 260225b |||||||| |||| 00| 0 eng d
020 _a978-0-321-96468-7
050 _aQA 39.3 .J 64 2018
100 _aJOHNSONBAUGH, RICHARD
245 _aDISCRETE MATHEMATICS
250 _a8
260 _aNEW YORK,
_bPEARSON EDUCATION, INC,
_c2018,
300 _aXIX,747P, ILL
500 _aINCLUDES AN INDEX
650 _aMATHEMATICS
942 _2lcc
_cBK
999 _c216649
_d216649